Furgón de cola

Enregistré dans:
Détails bibliographiques
Auteur principal: Aguirre Bellver, Joaquín
Format: Livre
Langue:Spanish
Publié: Madrid, España Editora Nacional 1969
Sujets:
Tags: Ajouter un tag
Pas de tags, Soyez le premier à ajouter un tag!

MARC

LEADER 00000nam a2200000Ia 4500
008 170316s9999 xx 000 0 spa d
999 |c 9482  |d 9482 
040 |a cru BVZT 
090 |a 862 A-5f 
100 |a Aguirre Bellver, Joaquín 
245 |a Furgón de cola 
260 |a Madrid, España 
260 |b Editora Nacional 
260 |c 1969 
300 |a 161 páginas 
650 |a LITERATURA ESPAÑOLA  |9 23 
650 |a CUENTOS  |9 271 
942 |c 15 D  |h 862 A-5f  |2 z